Personalised Learning Environments (Record no. 107073)
[ view plain ]
| 000 -LEADER | |
|---|---|
| fixed length control field | 01188cam a22002295a 4500 |
| 001 - CONTROL NUMBER | |
| control field | L138240 |
| 008 - FIXED-LENGTH DATA ELEMENTS--GENERAL INFORMATION | |
| fixed length control field | 070523e2006 xxk f 100 0 eng d |
| 035 ## - SYSTEM CONTROL NUMBER | |
| System control number | (Sirsi) u138240 |
| 041 0# - LANGUAGE CODE | |
| Language code of text/sound track or separate title | eng |
| 100 1# - MAIN ENTRY--PERSONAL NAME | |
| Personal name | Syed-Khuzzan, S.M. |
| 245 00 - TITLE STATEMENT | |
| Title | Personalised Learning Environments |
| Remainder of title | core development issues for construction |
| Medium | [electronic resource] |
| 260 ## - PUBLICATION, DISTRIBUTION, ETC. | |
| Date of publication, distribution, etc. | 2006 |
| 490 #0 - SERIES STATEMENT | |
| Series statement | COBRA |
| Volume/sequential designation | 2006 |
| 520 ## - SUMMARY, ETC. | |
| Summary, etc. | Discusses the concepts and issues surrounding the development of personalised learning environments. Reports that factors such as learner motivation, learner platforms, pedagogical approaches, instructional design methodologies, standardisation of learning objects, and the creation of learner profiles need to be considered for further developing personalised learning environments. |
| 651 #4 - SUBJECT ADDED ENTRY--GEOGRAPHIC NAME | |
| Geographic name | International |
| 690 ## - LOCAL SUBJECT ADDED ENTRY--TOPICAL TERM (OCLC, RLIN) | |
| Topical term or geographic name as entry element | CAREERS, EDUCATION AND TRAINING |
| 700 1# - ADDED ENTRY--PERSONAL NAME | |
| Personal name | Goulding, J.S. |
| 700 1# - ADDED ENTRY--PERSONAL NAME | |
| Personal name | Alshawi, M. |
| 711 2# - ADDED ENTRY--MEETING NAME | |
| Meeting name or jurisdiction name as entry element | Construction and Building Research Conference |
| Location of meeting | University College London, London |
| Date of meeting or treaty signing | 7-8 September 2006 |
| 856 40 - ELECTRONIC LOCATION AND ACCESS | |
| Uniform Resource Identifier | <a href="https://www.rics.org/site/scripts/download_info.aspx?downloadID=2938">https://www.rics.org/site/scripts/download_info.aspx?downloadID=2938</a> |
| Public note | View the item free of charge at www.rics.org... |
| 942 ## - ADDED ENTRY ELEMENTS (KOHA) | |
| Suppress in OPAC | 0 |
| Withdrawn status | Lost status | Source of classification or shelving scheme | Damaged status | Not for loan | Home library | Current library | Shelving location | Date acquired | Total Checkouts | Full call number | Barcode | Date last seen | Copy number | Price effective from | Koha item type |
|---|---|---|---|---|---|---|---|---|---|---|---|---|---|---|---|
| Dewey Decimal Classification | Virtual | Virtual | Online | 23/05/2007 | ONLINE PUBLICATION | 138240-2001 | 06/08/2019 | 1 | 06/08/2019 | Book |